[Event "Basingstoke 4NCL Spring Bank 2nd"]
[Site "Basingstoke"]
[Date "2019.05.25"]
[Round "3"]
[White "Royal, Shreyas"]
[Black "Simpson, Derek"]
[Result "1-0"]
[WhiteElo "1993"]
[BlackElo "1655"]
[PlyCount "63"]
[EventDate "2019.05.24"]
[EventType "swiss"]
[EventRounds "7"]
[EventCountry "ENG"]
[SourceTitle "CBM 190 Extra"]
[Source "ChessBase"]
[SourceDate "2019.07.15"]
[SourceVersion "1"]
[SourceVersionDate "2019.07.15"]
[SourceQuality "1"]

1. d4 d5 2. c4 e6 3. Nc3 Nf6 4. cxd5 exd5 5. Bg5 Nbd7 6. e3 c6 7. Bd3 Be7 8. Qc2 Nf8 9. Nge2 Ne6 10. Bh4 g6 11. 0-0 Ng7 12. f3 0-0 13. e4 Be6 14. e5 Nd7 15. Bxe7 Qxe7 16. f4 Bf5 17. Ng3 Bxd3 18. Qxd3 f5 19. Rae1 Ne6 20. Re3 Nb6 21. Ref3 Qb4 22. Nge2 Qxb2 23. g4 Qb4 24. g5 Rad8 25. h4 Rf7 26. h5 Rdd7 27. Rh3 Rg7 28. Rd1 Na4 29. Nxa4 Qxa4 30. Rd2 Qa5 31. Rh4 Rdf7 32. h6 1-0

[Event "Stevenage 4NCL Easter op"]
[Site "Stevenage"]
[Date "2019.04.21"]
[Round "5"]
[White "Simpson, Derek"]
[Black "Verma, Shlok"]
[Result "0-1"]
[WhiteElo "1668"]
[BlackElo "1696"]
[PlyCount "106"]
[EventDate "2019.04.19"]
[EventType "swiss"]
[EventRounds "7"]
[EventCountry "ENG"]
[SourceTitle "CBM 189 Extra"]
[Source "ChessBase"]
[SourceDate "2019.06.03"]
[SourceVersion "1"]
[SourceVersionDate "2019.06.03"]
[SourceQuality "1"]

1. e4 e6 2. d3 d5 3. Nd2 c5 4. g3 Nc6 5. Bg2 g6 6. f4 Bg7 7. c3 Nge7 8. Ngf3 0-0 9. 0-0 b6 10. Re1 Bb7 11. e5 Rb8 12. a3 b5 13. Nb3 c4 14. Nbd4 a6 15. Be3 Nxd4 16. Nxd4 Nc6 17. Nxc6 Bxc6 18. Bc5 Re8 19. d4 Bf8 20. Bxf8 Rxf8 21. Qd2 Qb6 22. g4 Bd7 23. g5 a5 24. h4 b4 25. axb4 axb4 26. Re2 Rb7 27. Rf1 Rfb8 28. Rff2 bxc3 29. bxc3 Qa5 30. Qe3 Rb3 31. Rf3 Ra3 32. h5 Be8 33. Bh3 Rbb3 34. Rc2 Ra1+ 35. Rf1 Rxf1+ 36. Bxf1 Qa3 37. hxg6 hxg6 38. Qd2 Qa1 39. Rc1 Rb1 40. Rxb1 Qxb1 41. Kf2 Ba4 42. Be2 Bc2 43. Qe3 Qh1 44. Qf3 Qh2+ 45. Kf1 Be4 46. Qg4 Qh1+ 47. Kf2 Qc1 48. Qg3 Qc2 49. Qe3 Bd3 50. f5 Bxe2 51. Qxe2 Qxf5+ 52. Ke1 Qxg5 53. Qb2 Qg1+ 0-1

[Event "Stevenage 4NCL Easter op"]
[Site "Stevenage"]
[Date "2019.04.20"]
[Round "2"]
[White "Simpson, Derek"]
[Black "Royal, Shreyas"]
[Result "0-1"]
[WhiteElo "1668"]
[BlackElo "1943"]
[PlyCount "96"]
[EventDate "2019.04.19"]
[EventType "swiss"]
[EventRounds "7"]
[EventCountry "ENG"]
[SourceTitle "CBM 189 Extra"]
[Source "ChessBase"]
[SourceDate "2019.06.03"]
[SourceVersion "1"]
[SourceVersionDate "2019.06.03"]
[SourceQuality "1"]

1. e4 e5 2. Nf3 Nc6 3. d4 exd4 4. Nxd4 Nf6 5. Nxc6 bxc6 6. Bd3 d5 7. 0-0 dxe4 8. Qe2 Qe7 9. Bc4 Qe5 10. Re1 Bd6 11. g3 Bg4 12. Qe3 0-0 13. Nc3 Rae8 14. Bf1 Bf3 15. Qg5 Ng4 16. Bg2 Qxg5 17. Bxg5 f5 18. Bxf3 exf3 19. h3 Ne5 20. Rad1 h6 21. Bf4 g5 22. Bxe5 Rxe5 23. Rxe5 Bxe5 24. Rd3 g4 25. Nd1 Bd6 26. Ne3 h5 27. Rc3 c5 28. Rd3 Kg7 29. Rd5 Kg6 30. Nc4 Rf6 31. Nxd6 Rxd6 32. Rxc5 Rd1+ 33. Kh2 Rf1 34. Rc6+ Kf7 35. Rxc7+ Ke6 36. hxg4 hxg4 37. Rc3 Rxf2+ 38. Kg1 Rg2+ 39. Kf1 Rxg3 40. b4 Rh3 41. b5 Rh1+ 42. Kf2 Rb1 43. a4 Rb4 44. Rb3 Rxa4 45. b6 axb6 46. Rxb6+ Ke5 47. Rb1 Kf4 48. Rb3 g3+ 0-1

[Event "Stevenage 4NCL Easter op"]
[Site "Stevenage"]
[Date "2019.04.19"]
[Round "1"]
[White "Verma, Aditya"]
[Black "Simpson, Derek"]
[Result "1-0"]
[WhiteElo "2071"]
[BlackElo "1668"]
[PlyCount "89"]
[EventDate "2019.04.19"]
[EventType "swiss"]
[EventRounds "7"]
[EventCountry "ENG"]
[SourceTitle "CBM 189 Extra"]
[Source "ChessBase"]
[SourceDate "2019.06.03"]
[SourceVersion "1"]
[SourceVersionDate "2019.06.03"]
[SourceQuality "1"]

1. e4 e6 2. d4 d5 3. Nd2 dxe4 4. Nxe4 Nd7 5. Nf3 Ngf6 6. Ng3 c5 7. Be2 cxd4 8. Nxd4 Bc5 9. 0-0 0-0 10. Nb3 Bb6 11. c4 Nb8 12. Bd2 Bd7 13. Bc3 Bc6 14. Qc2 Nbd7 15. Rfd1 Qe7 16. Nd4 Bxd4 17. Bxd4 Rfd8 18. Be3 h6 19. h3 b6 20. Bf1 Nf8 21. a4 Qb7 22. Rxd8 Rxd8 23. a5 Ng6 24. axb6 axb6 25. f4 Nh4 26. Qf2 Rb8 27. f5 Nxf5 28. Nxf5 exf5 29. Qxf5 Be4 30. Qf2 Qc6 31. b4 Nd7 32. Bd4 Rb7 33. Ra8+ Kh7 34. Qxf7 Nf6 35. Qf8 Rd7 36. Rd8 Ra7 37. Rd6 Qa8 38. Qxa8 Rxa8 39. Rxb6 Ra4 40. b5 Nh5 41. Be5 Ra3 42. Ra6 Re3 43. Kf2 Rb3 44. Ra7 Kh8 45. c5 1-0

[Event "Nottingham 4NCL op 20th"]
[Site "Nottingham"]
[Date "2018.09.30"]
[Round "4"]
[White "Simpson, Derek"]
[Black "Barnes, Michael"]
[Result "0-1"]
[WhiteElo "1660"]
[BlackElo "2184"]
[PlyCount "38"]
[EventDate "2018.09.28"]
[EventType "swiss"]
[EventRounds "5"]
[EventCountry "ENG"]
[SourceTitle "CBM 186 Extra"]
[Source "ChessBase"]
[SourceDate "2018.08.24"]
[SourceVersion "1"]
[SourceVersionDate "2018.08.24"]
[SourceQuality "1"]

1. e4 c5 2. Nf3 g6 3. g3 Bg7 4. Bg2 Nc6 5. d3 e5 6. c3 d6 7. 0-0 Nge7 8. Bg5 h6 9. Be3 0-0 10. Qc1 Kh7 11. Ne1 Bg4 12. h3 Be2 13. f4 Bxf1 14. Kxf1 f5 15. Ke2 Qd7 16. Nf3 b6 17. Qh1 Rad8 18. c4 exf4 19. gxf4 Bxb2 0-1

[Event "Telford 4NCL op-A 19th"]
[Site "Telford"]
[Date "2018.07.13"]
[Round "1"]
[White "Seymour, Timothy P"]
[Black "Simpson, Derek"]
[Result "1-0"]
[WhiteElo "2035"]
[BlackElo "1663"]
[PlyCount "107"]
[EventDate "2018.07.13"]
[EventType "swiss"]
[EventRounds "5"]
[EventCountry "ENG"]
[SourceTitle "CBM 185 Extra"]
[Source "ChessBase"]
[SourceDate "2018.07.29"]
[SourceVersion "1"]
[SourceVersionDate "2018.07.29"]
[SourceQuality "1"]

1. d4 Nf6 2. Nf3 c6 3. c4 d6 4. Nc3 Nbd7 5. e3 e5 6. Be2 Be7 7. 0-0 0-0 8. Qc2 a6 9. b3 b5 10. Bb2 Qc7 11. Rac1 b4 12. Nb1 Re8 13. c5 exd4 14. cxd6 Bxd6 15. Qxc6 Qxc6 16. Rxc6 Bc5 17. Bxd4 Bxd4 18. Nxd4 Nf8 19. Rfc1 Bd7 20. R6c4 a5 21. Bf3 Rab8 22. Nd2 a4 23. bxa4 Bxa4 24. Rb1 Bd7 25. Rcxb4 Rxb4 26. Rxb4 Ne6 27. a4 Nxd4 28. Rxd4 Rc8 29. g4 h6 30. h4 Bc6 31. Bxc6 Rxc6 32. a5 Rc1+ 33. Kg2 Ra1 34. Rd8+ Kh7 35. g5 hxg5 36. hxg5 Ng4 37. Nc4 Ra2 38. Rd2 Rxd2 39. Nxd2 Ne5 40. a6 Nc6 41. f4 f5 42. Kf3 g6 43. Nc4 Kg7 44. Ne5 Na7 45. e4 fxe4+ 46. Kxe4 Nb5 47. Kd5 Nc7+ 48. Kc6 Nxa6 49. Nd3 Kf7 50. Kb7 Nb8 51. Kxb8 Ke6 52. Kc7 Kf5 53. Kd6 Ke4 54. Ke6 1-0

[Event "Doncaster 4NCL op-A 18th"]
[Site "Doncaster"]
[Date "2018.04.14"]
[Round "2"]
[White "Simpson, Derek"]
[Black "Bin Suhayl, Ieysaa"]
[Result "0-1"]
[WhiteElo "1672"]
[BlackElo "2029"]
[PlyCount "69"]
[EventDate "2018.04.13"]
[EventType "swiss"]
[EventRounds "5"]
[EventCountry "ENG"]
[SourceTitle "CBM 184 Extra"]
[Source "ChessBase"]
[SourceDate "2018.06.28"]
[SourceVersion "1"]
[SourceVersionDate "2018.06.28"]
[SourceQuality "1"]

1. d4 Nf6 2. Nf3 c5 3. e3 e6 4. Bd3 d5 5. c3 Nc6 6. Nbd2 Bd6 7. Qe2 0-0 8. e4 dxe4 9. Nxe4 Nxe4 10. Qxe4 f5 11. Qh4 Qxh4 12. Nxh4 cxd4 13. Bd2 Ne5 14. Bc2 dxc3 15. Bxc3 g5 16. Nf3 Nxf3+ 17. gxf3 Bf4 18. h4 b6 19. Bb3 Re8 20. hxg5 Bb7 21. Ke2 Ba6+ 22. Ke1 Rad8 23. Rd1 Rxd1+ 24. Kxd1 Bb7 25. Ke2 Bc6 26. Bf6 Bb5+ 27. Kd1 Bc6 28. Ke2 Bd6 29. Rh6 Bf8 30. Rh5 Bc5 31. Rh6 Bd5 32. Be5 Bxb3 33. axb3 Bf8 34. Rh4 Be7 35. f4 0-1

[Event "Harrogate 4NCL op-A 17th"]
[Site "Harrogate"]
[Date "2018.01.21"]
[Round "4"]
[White "Simpson, Derek"]
[Black "Nicholson, Jim WR"]
[Result "0-1"]
[WhiteElo "1659"]
[BlackElo "1999"]
[PlyCount "54"]
[EventDate "2018.01.19"]
[EventType "swiss"]
[EventRounds "5"]
[EventCountry "ENG"]
[SourceTitle "CBM 182 Extra"]
[Source "ChessBase"]
[SourceDate "2018.02.23"]
[SourceVersion "1"]
[SourceVersionDate "2018.02.23"]
[SourceQuality "1"]

1. d4 d5 2. Nf3 Nf6 3. e3 Bf5 4. Nbd2 e6 5. Nh4 Bg4 6. Be2 Bxe2 7. Qxe2 c5 8. Qb5+ Nbd7 9. Nhf3 Qc7 10. Qe2 Bd6 11. c3 0-0 12. e4 e5 13. dxc5 Nxc5 14. exd5 e4 15. Nd4 Nd3+ 16. Kd1 Be5 17. N2b3 Rfe8 18. Be3 Rad8 19. Nc1 Nf4 20. Bxf4 Bxf4 21. g3 Be5 22. Ncb3 Nxd5 23. Ke1 Bxd4 24. Nxd4 Nxc3 25. Nb5 Nxb5 26. Qxb5 e3 27. f4 Qc2 0-1

[Event "Harrogate 4NCL op 12th"]
[Site "Harrogate"]
[Date "2017.01.07"]
[Round "3"]
[White "Vickery, Jim"]
[Black "Simpson, Derek"]
[Result "1/2-1/2"]
[WhiteElo "1983"]
[BlackElo "1617"]
[PlyCount "31"]
[EventDate "2017.01.06"]
[EventType "swiss"]
[EventRounds "5"]
[EventCountry "ENG"]
[SourceTitle "CBM 176 Extra"]
[Source "ChessBase"]
[SourceDate "2017.03.02"]
[SourceVersion "1"]
[SourceVersionDate "2017.03.02"]
[SourceQuality "1"]

1. d4 Nf6 2. Nf3 e6 3. Bg5 Be7 4. Nbd2 d5 5. e3 Nbd7 6. Bd3 0-0 7. 0-0 b6 8. Ne5 Nxe5 9. dxe5 Nd7 10. Bxe7 Qxe7 11. f4 f5 12. g4 Nc5 13. Bb5 Ba6 14. Bxa6 Nxa6 15. Qe2 Nc5 16. gxf5 1/2-1/2

[Event "Torquay op 50th"]
[Site "Torquay"]
[Date "2016.11.13"]
[Round "5"]
[White "Simpson, Derek"]
[Black "Adaway, William"]
[Result "1/2-1/2"]
[WhiteElo "1617"]
[BlackElo "1943"]
[PlyCount "53"]
[EventDate "2016.11.10"]
[EventType "swiss"]
[EventRounds "5"]
[EventCountry "ENG"]
[SourceTitle "EXT 2022"]
[Source "ChessBase"]
[SourceDate "2021.10.06"]
[SourceVersion "1"]
[SourceVersionDate "2021.10.06"]
[SourceQuality "1"]

1. d4 d5 2. Nf3 Nf6 3. e3 g6 4. Be2 Bg7 5. b4 0-0 6. Bb2 c6 7. Nbd2 Qb6 8. a3 a5 9. Bc3 axb4 10. axb4 Rxa1 11. Qxa1 Bf5 12. Qa2 Na6 13. Qb2 Nc7 14. 0-0 Ra8 15. Ra1 Rxa1+ 16. Qxa1 Bxc2 17. Qa2 Bf5 18. Qa5 Nd7 19. Nb3 Nb5 20. Be1 Bf8 21. Ne5 Qxa5 22. Nxa5 Nxe5 23. dxe5 Bc8 24. h3 Bg7 25. Bxb5 cxb5 26. Bc3 f6 27. exf6 1/2-1/2

[Event "High Wycombe e2e4 Major op"]
[Site "High Wycombe"]
[Date "2014.05.10"]
[Round "2"]
[White "Simpson, Derek"]
[Black "Bovtramovics, Vladimirs"]
[Result "1/2-1/2"]
[WhiteElo "1573"]
[BlackElo "1749"]
[PlyCount "76"]
[EventDate "2014.05.09"]
[EventType "swiss"]
[EventRounds "5"]
[EventCountry "ENG"]
[SourceTitle "EXT 2015"]
[Source "ChessBase"]
[SourceDate "2014.11.20"]
[SourceVersion "1"]
[SourceVersionDate "2014.11.20"]
[SourceQuality "1"]

1. d4 Nf6 2. Nf3 e6 3. e3 b6 4. Bd3 Bb7 5. Nbd2 c5 6. c3 Be7 7. 0-0 d5 8. Bb5+ Nfd7 9. Ne5 0-0 10. f4 f6 11. Nxd7 Nxd7 12. Bxd7 Qxd7 13. Rf3 Rf7 14. Rh3 g6 15. Nf3 Re8 16. Qc2 Bd6 17. Bd2 Qc7 18. Rf1 cxd4 19. exd4 Bxf4 20. Bxf4 Qxf4 21. Ne5 Qxf1+ 22. Kxf1 fxe5+ 23. Rf3 Ref8 24. Rxf7 Rxf7+ 25. Ke2 Ba6+ 26. Ke3 e4 27. Qa4 Bf1 28. Qc2 Kg7 29. a4 Rf5 30. b3 Rg5 31. Qf2 Bxg2 32. c4 Bf3 33. Qh4 h6 34. Qf4 Rf5 35. Qc7+ Kf6 36. Qd8+ Kf7 37. Qd7+ Kf6 38. Qd8+ Kf7 1/2-1/2

[Event "Sunningdale e2e4 op U2000 07"]
[Site "Sunningdale"]
[Date "2013.07.05"]
[Round "1"]
[White "Simpson, Derek"]
[Black "Chrisidis, Pavlos"]
[Result "0-1"]
[WhiteElo "1591"]
[BlackElo "1834"]
[PlyCount "66"]
[EventDate "2013.07.05"]
[EventType "swiss"]
[EventRounds "7"]
[EventCountry "ENG"]
[SourceTitle "EXT 2014"]
[Source "ChessBase"]
[SourceDate "2013.11.20"]
[SourceVersion "1"]
[SourceVersionDate "2013.11.20"]
[SourceQuality "1"]

1. d4 Nf6 2. Nf3 g6 3. Bg5 Bg7 4. e3 d6 5. Bd3 Bg4 6. Nbd2 Nbd7 7. h3 Bxf3 8. Nxf3 0-0 9. c3 e5 10. Qc2 Re8 11. Nd2 d5 12. e4 exd4 13. cxd4 dxe4 14. Nxe4 c6 15. 0-0 Qc7 16. Nc3 Nb6 17. Bxf6 Bxf6 18. d5 Bxc3 19. dxc6 Bg7 20. cxb7 Qxb7 21. Rae1 Rac8 22. Rxe8+ Rxe8 23. Rc1 Rc8 24. Qd2 Rxc1+ 25. Qxc1 Qd5 26. Bb1 Qd4 27. b3 Nd5 28. Qc8+ Bf8 29. Kh2 Kg7 30. Qd7 Qe5+ 31. g3 Bc5 32. Bd3 Bxf2 33. Bc4 Qxg3+ 0-1